|
|
|
|
| LEADER |
03807nam a2200877 i 4500 |
| 001 |
nkc20172931749 |
| 003 |
CZ PrNK |
| 005 |
20171208084622.0 |
| 007 |
ta |
| 008 |
170914s2017 xr acf g 000 0dcze |
| 015 |
|
|
|a cnb002931749
|
| 020 |
|
|
|a 978-80-262-1003-0
|q (brožováno)
|
| 035 |
|
|
|a (OCoLC)1019664914
|
| 040 |
|
|
|a ABA001
|b cze
|d OLA001
|e rda
|
| 043 |
|
|
|a e-xr---
|b e-xr-pg
|2 czenas
|
| 045 |
|
|
|a x3y1
|
| 072 |
|
7 |
|a 27
|x Křesťanství. Křesťanská církev všeobecně. Eklesiologie
|2 Konspekt
|9 5
|
| 080 |
|
|
|a 726.54:272
|2 MRF
|
| 080 |
|
|
|a 726.52
|2 MRF
|
| 080 |
|
|
|a 69.059.3
|2 MRF
|
| 080 |
|
|
|a 272-774
|2 MRF
|
| 080 |
|
|
|a 27-789.64
|2 MRF
|
| 080 |
|
|
|a 27-46
|2 MRF
|
| 080 |
|
|
|a 27-4
|2 MRF
|
| 080 |
|
|
|a 27-674.5
|2 MRF
|
| 080 |
|
|
|a 27-662:3
|2 MRF
|
| 080 |
|
|
|a (437.311)
|2 MRF
|
| 080 |
|
|
|a (082.2)
|2 MRF
|
| 080 |
|
|
|a (048.8)
|2 MRF
|
| 100 |
1 |
|
|a Semerádová, Veronika
|7 ola2017972594
|4 aut
|
| 245 |
1 |
0 |
|a Příběh kobyliské Terezičky :
|b 80 let kostela sv. Terezie z Lisieux v Praze-Kobylisích /
|c Veronika Semerádová, Jiří Pavlíček, Jaroslav Šebek
|
| 250 |
|
|
|a Vydání první
|
| 264 |
|
1 |
|a Praha :
|b Portál,
|c 2017
|
| 300 |
|
|
|a 115 stran, 32 nečíslovaných stran obrazových příloh :
|b ilustrace (převážně barevné), portréty ;
|c 21 cm
|
| 336 |
|
|
|a text
|b txt
|2 rdacontent
|
| 337 |
|
|
|a bez média
|b n
|2 rdamedia
|
| 338 |
|
|
|a svazek
|b nc
|2 rdacarrier
|
| 504 |
|
|
|a Obsahuje bibliografii a bibliografické odkazy
|
| 610 |
2 |
7 |
|a Kostel sv. Terezie od Dítěte Ježíše (Praha, Česko)
|7 ko2017964438
|2 czenas
|
| 610 |
2 |
7 |
|a Katolická církev.
|b Farní úřad sv. Terezie od Dítěte Ježíše (Praha, Česko)
|7 ko2004247621
|2 czenas
|
| 648 |
|
4 |
|a 1937-2017
|
| 648 |
|
4 |
|a 2000-2017
|
| 648 |
|
7 |
|a 20. století
|7 ch460558
|2 czenas
|
| 648 |
|
7 |
|a 20.-21. století
|7 ch462155
|2 czenas
|
| 648 |
|
7 |
|a 1991-2000
|7 ch460587
|2 czenas
|
| 650 |
0 |
7 |
|a katolické kostely
|7 ph114895
|z Česko
|y 20.-21. století
|2 czenas
|
| 650 |
0 |
7 |
|a kaple
|7 ph121446
|z Česko
|y 20. století
|2 czenas
|
| 650 |
0 |
7 |
|a rekonstrukce staveb
|7 ph223709
|z Česko
|y 1991-2000
|2 czenas
|
| 650 |
0 |
7 |
|a katolické farnosti
|7 ph114894
|z Česko
|y 20.-21. století
|2 czenas
|
| 650 |
0 |
7 |
|a salesiáni
|7 ph138567
|z Česko
|y 20.-21. století
|2 czenas
|
| 650 |
0 |
7 |
|a pastorace
|7 ph123988
|z Česko
|y 20.-21. století
|2 czenas
|
| 650 |
0 |
7 |
|a církevní život
|7 ph119306
|z Česko
|y 20.-21. století
|2 czenas
|
| 650 |
0 |
7 |
|a náboženská perzekuce
|7 ph117342
|z Česko
|y 20. století
|2 czenas
|
| 650 |
0 |
7 |
|a křesťanství a společnost
|7 ph138510
|z Česko
|y 20.-21. století
|2 czenas
|
| 650 |
0 |
9 |
|a Catholic churches
|z Czechia
|y 20th-21st centuries
|2 eczenas
|
| 650 |
0 |
9 |
|a chapels
|z Czechia
|y 20th century
|2 eczenas
|
| 650 |
0 |
9 |
|a reconstruction of buildings
|z Czechia
|y 1991-2000
|2 eczenas
|
| 650 |
0 |
9 |
|a Catholic parishes
|z Czechia
|y 20th-21st centuries
|2 eczenas
|
| 650 |
0 |
9 |
|a Salesians
|z Czechia
|y 20th-21st centuries
|2 eczenas
|
| 650 |
0 |
9 |
|a pastoral care
|z Czechia
|y 20th-21st centuries
|2 eczenas
|
| 650 |
0 |
9 |
|a church life
|z Czechia
|y 20th-21st centuries
|2 eczenas
|
| 650 |
0 |
9 |
|a religious persecution
|z Czechia
|y 20th century
|2 eczenas
|
| 650 |
0 |
9 |
|a Christianity and civilization
|z Czechia
|y 20th-21st centuries
|2 eczenas
|
| 651 |
|
7 |
|a Kobylisy (Praha, Česko)
|7 ge134274
|y 20.-21. století
|2 czenas
|
| 651 |
|
9 |
|a Kobylisy (Prague, Czechia)
|y 20th-21st centuries
|2 eczenas
|
| 655 |
|
7 |
|a jubilejní publikace
|7 fd131839
|2 czenas
|
| 655 |
|
7 |
|a přehledy
|7 fd133202
|2 czenas
|
| 655 |
|
9 |
|a jubilee books
|2 eczenas
|
| 655 |
|
9 |
|a surveys
|2 eczenas
|
| 700 |
1 |
|
|a Pavlíček, Jiří
|4 aut
|
| 700 |
1 |
|
|a Šebek, Jaroslav,
|d 1970-
|7 jo20000080502
|4 aut
|
| 910 |
2 |
|
|a BOA001
|b 2-1398.160
|
| 990 |
|
|
|a BK
|
| 995 |
|
|
|a 01
|
| 991 |
|
|
|b 201711
|c NOV
|
| 996 |
6 |
|
|b 2610725863
|c 2-1398.160
|l MZK
|r Sklad / do 1 hodiny
|n 1
|p p.v.
|w 001640684
|u 000010
|a 1
|e BOA001
|j MZK50
|s P
|